Manning Teams - Statistics

General Stats
  • This quiz has been taken 30 times
  • The average score is 9 of 10
Answer Stats
Team % Correct
Denver Broncos
100%
Indianapolis Colts
100%
New York Giants
100%
Tennessee Volunteers
100%
Texas Longhorns
100%
New Orleans Saints
94%
Ole Miss Rebels
94%
Ole Miss Rebels
94%
Houston Oilers
71%
Minnesota Vikings
65%
No matching quizzes found
Score Distribution
Percent of People with Each Score
Percentile by Number Answered
Your Score History
You have not taken this quiz